The appraiser

Bibliographic Details
Format: Book
Language:English
Published: Chicago : The American Institute of Real Estate Appraisers , 1968
Subjects:

MARC

LEADER 00000cam a2200000 7i4500
001 0000019023
005 20090107.0
008 081129s a eng
022 0 |a 0003-7095 
040 |a INS 
090 0 0 |a HD1387   |b A62 
245 0 4 |a The appraiser 
260 |a Chicago :   |b The American Institute of Real Estate Appraisers ,   |c 1968 
300 |a 1 v (Various pagings) :   |b ill ;   |c 28 cm. 
650 0 0 |a Real estate   |x Business 
650 0 0 |a Valuation   |x Data processing 
999 |a SER0001571   |b BOOK   |c Open Shelf   |e Default branch 
999 |a SER0001572   |b BOOK   |c Open Shelf   |e Default branch 
999 |a SER0001573   |b BOOK   |c Open Shelf   |e Default branch 
999 |a SER0001574   |b BOOK   |c Open Shelf   |e Default branch 
999 |a SER0001575   |b BOOK   |c Open Shelf   |e Default branch 
999 |a SER0001576   |b BOOK   |c Open Shelf   |e Default branch 
999 |a SER0001577   |b BOOK   |c Open Shelf   |e Default branch 
999 |a SER0001578   |b BOOK   |c Open Shelf   |e Default branch